| 000 | 00708nam a2200229 i 4500 | ||
|---|---|---|---|
| 001 | 25779 | ||
| 003 | ES-MaACL | ||
| 005 | 20230906153331.0 | ||
| 007 | t| | ||
| 008 | 030102s1973 sp ||||1| spa d | ||
| 020 | _a84-256-0207-6 | ||
| 080 | _a75.041.53(460)"19" | ||
| 245 | 0 | 3 |
_aEl autorretrato en la pintura española contemporánea / _ctexto de María Aritza. |
| 260 |
_aMadrid : _bIbérico Europea de Ediciones, _c[1973] |
||
| 300 |
_a55 p. : _bprincipalmente il. col. y n. ; _c31 cm. |
||
| 490 | 1 | _aArte y estilo | |
| 650 | 4 |
_aAutorretratos- _zEspaña. _9173530 |
|
| 700 | 1 |
_aAritza, María. _9173529 |
|
| 830 | 1 |
_aArte y estilo _9182388 |
|
| 852 |
_aES-MaACL _jC-51833 |
||
| 999 |
_c25779 _d25779 |
||